Law of decommunization in Ukraine - Statistics

General Stats
  • This quiz has been taken 11 times
  • The average score is 11 of 72
Answer Stats
Question Answer % Correct
What was Dnipropetrovsk renamed too? Dnipro
100%
What was Artemivsk renamed too? Bakhmut
55%
What was Dniprodzerzhynsk renamed too? Kamianske
36%
What was Ordzhonikidze renamed too? Pokrov
36%
What was Krasnoarmiisk renamed too? Pokrovsk
36%
What was Volodymyr-Volynskyi renamed too? Volodymyr
36%
What was Krasni Luch renamed too? (Seperatist control since 2014) Khrustalnyi
27%
What may succeed the Kirovohrad Oblast Kropyvnytskyi Oblast
27%
What was Kirovohrad raion renamed too? Kropyvnytskyi raion
27%
What was Mukacheve renamed too? Mukachevo
27%
What was Pereiaslav-Khmelnytskyi renamed too? Pereiaslav
27%
What was Illichivskrenamed too? Chornomorsk
18%
What was Dnipropetrovsk raion renamed too? Dnipro raion
18%
What was Kirovsk renamed too? (Seperatist control since 2014) Holubivka
18%
What was Stakhanov renamed too? (Seperatist control since 2014) Kadiivka
18%
What was Komsomolske renamed too? (Seperatist control since August 31 2014) Kalmiuske
18%
What was Krasnyi Lyman raion renamed too? Lyman raion
18%
What was Kominternivske raion renamed too? Lyman raion
18%
What was Krasnodon renamed too? (Seperatist control since 2014) Sorokyne
18%
What was Dzerzhynsk renamed too? Toretsk
18%
What was Chystiakove renamed too? (Seperatist control since 2014) Torez
18%
How many Lenin statues are still standing in Ukraine? 1300
9%
How many Statues of Lenin did Ukraine have in 1991 5500
9%
What was Dzerzhynske renamed too? (Seperatist control since 2014) Azov
9%
What was Artemivsk raion renamed too? Bakmut raion
9%
What was Kuibysheve raion renamed too? Bilmak raion
9%
What was Ulianovka raion renamed too? Blahovishchenske raion
9%
What was Telmanove raion renamed too? Boikivske raion
9%
What was Vakhrusheve renamed too? (Seperatist control since 2014) Bokovo Khrustalne
9%
What was Yunokomunarivsk renamed too? (Seperatist control since 2014) Bunhe
9%
What was Sverdlovsk raion renamed too? (Under Seperatist contol) Dovzhansk raion
9%
What was Chubarivka renamed too? Fedorivka
9%
What was Komsomolsk renamed too? Horishni Plavni
9%
What was Sovietskyi raion renamed too? (Russian occupied Crimea) icki raion
9%
What was Kirovske raion renamed too? (Russian occupied Crimea) islam Terek raion
9%
What was Volodarsk-Volynsky raion renamed too? Khoroshiv raion
9%
What was Kirovske renamed too? (Seperatist control since 14 April 2014) Khrestivka
9%
What was Artemivsk(Luhansk Oblast) renamed too? (Seperatist control since 2014) Kypuche
9%
What was Komsomolske (Vinnytsia ) renamed too? Makhnivka
9%
What was Pershotravneve raion renamed too? Manhush raion
9%
What was Zhovtneve renamed too? Mykolaivka
9%
What was Dymytrov renamed too? Myrhorod
9%
What was Zhovtneve (Zhytomyr) renamed too? Myroliubiv
9%
What was Volodarske raion renamed too? Nikolske raion
9%
What was Krasni Okny raion renamed too? Okny raion
9%
What was Tsiurupynsk raion renamed too? Oleshky raion
9%
What was Chervonyi Oskil renamed too? Oskil
9%
What was Krasnoperekopsk raion renamed too? (Russian occupied Crimea) Perekop raion
9%
What was Petrivske renamed too? Petrivka
9%
What was Zhovten renamed too? Petrovirivka
9%
What was Kominternove renamed too? (Seperatist control since December 22 2015) Pikuzy
9%
What was Kotovsk raion renamed too? Podilsk raion
9%
What was Krasnoarmiisk raion renamed too? Pokrovsk raion
9%
What was Chervonoarmiisk renamed too? Pulyny
9%
What was Chervonoarmiisk raion renamed too? Pulyny raion
9%
What was Krasnohvardiiske raion renamed too? (Russian occupied Crimea) Qurman raion
9%
What was Chervona Zirka renamed too? Rannia Zoria
9%
What was Partyzany renamed too? Rykove
9%
What was Frunze renamed too? (Seperatist control since 2014) Sentianivka
9%
What may succeed the Dnipropetrovsk Oblast Sicheslav Oblast
9%
What was Shchors raion renamed too? Snovsk raion
9%
What was Krasne renamed too? Sontsivka
9%
What was Krasnodon raion renamed too? (Under Seperatist contol) Sorokyne raion
9%
What was Leninske renamed too? (Seperatist control since 2014) Uzhivka
9%
What was Kuznetsovsk renamed too? Varash
9%
What was Velykyi Buialyk renamed too? Velykyi Buialyk
9%
What was Zhovtneve raion renamed too? Vitovka raion
9%
What was Chervonopartyzansk renamed too? (Seperatist control since 2014) Voznesenivka
9%
What was Lenine raion renamed too? (Russian occupied Crimea) Yedi Quyu raion
9%
What was Frunzivka raion renamed too? Zakharivka raion
9%
What was Artemove renamed too? (Seperatist control since 2014) Zalizne
9%
What was Chervonozavodske renamed too? Zavodske
9%
No matching quizzes found
Score Distribution
Percent of People with Each Score
Percentile by Number Answered
Your Score History
You have not taken this quiz